00545cam a22002171 4500001001300000003000400013005001700017008004100034010001700075035002000092040001800112042001200130050001900142100002600161245002700187260001100214300001900225500001500244650005100259999001700310sa 68003457 DLC20260227112453.0881209s1966 xx 000 0 hino  asa 68003457  a(OCoLC)23581020 aDLCcMiUdDLC apremarc00aLA2385.S15bA30 aChadruddīna,d1910-10aDeśa kāla pātra. c[1966] a200 p.c22 cm. aRomanized. 0aEducatorsxCorrespondence, reminiscences, etc. c79491d79491